All of the First Country Flags of the World - Statistics

General Stats
  • This quiz has been taken 106 times
  • The average score is 94 of 196
Answer Stats
Picture Answer % Correct
Ivory Coast
92%
Bulgaria
85%
North Korea
84%
Cuba
78%
Israel
76%
United Kingdom
76%
India
75%
F.S. of Micronesia
74%
Lithuania
72%
Slovakia
72%
Italy
69%
Nepal
69%
United States
69%
Canada
68%
Albania
67%
Croatia
67%
Libya
66%
Netherlands
66%
New Zealand
66%
Norway
66%
Bhutan
65%
Burundi
65%
China
65%
Papua New Guinea
65%
Belgium
64%
Germany
64%
Montenegro
64%
South Korea
64%
Thailand
64%
Angola
62%
Czech Republic
62%
Jamaica
62%
Monaco
62%
Nigeria
62%
Philippines
62%
Sierra Leone
62%
Spain
62%
Liberia
61%
Morocco
61%
Singapore
61%
Sri Lanka
61%
Suriname
61%
Uruguay
61%
Armenia
60%
Botswana
60%
Hungary
60%
Kuwait
60%
Slovenia
60%
Vatican City
60%
Barbados
59%
Denmark
59%
Estonia
59%
Ireland
59%
Latvia
59%
Sweden
59%
Turkey
59%
Uganda
59%
Australia
58%
Azerbaijan
58%
Mexico
58%
Palau
58%
Qatar
58%
Ukraine
58%
Central African Republic
56%
Cyprus
56%
East Timor
56%
Greece
56%
Romania
56%
Chile
55%
Marshall Islands
55%
Pakistan
55%
Poland
55%
Tanzania
55%
Eswatini
54%
Iceland
54%
Kiribati
54%
Malaysia
54%
Mauritius
54%
Tunisia
54%
Vietnam
54%
Brunei
53%
Finland
53%
France
53%
Maldives
53%
Rep. of the Congo
53%
Switzerland
53%
Bahrain
52%
Eritrea
52%
Kenya
52%
Kosovo
52%
Lebanon
52%
Niger
52%
Russia
52%
Rwanda
52%
San Marino
52%
Saudi Arabia
52%
Taiwan
52%
United Arab Emirates
52%
Grenada
51%
Malta
51%
Nauru
51%
South Sudan
51%
Togo
51%
Zambia
51%
Guinea
49%
Indonesia
49%
St. Lucia
49%
Tonga
49%
Zimbabwe
49%
Algeria
48%
Dominica
48%
Ghana
48%
Japan
48%
Luxembourg
48%
Uzbekistan
48%
Vanuatu
48%
Djibouti
47%
Fiji
47%
Mauritania
47%
Austria
46%
Benin
46%
Cambodia
46%
Dominican Republic
46%
St. Kitts & Nevis
46%
Syria
46%
Chad
45%
Colombia
45%
Gambia
45%
Turkmenistan
45%
Brazil
44%
Madagascar
44%
Malawi
44%
Moldova
44%
Panama
44%
Peru
44%
Bahamas
42%
Ecuador
42%
Honduras
42%
Jordan
42%
Somalia
42%
Yemen
42%
Liechtenstein
41%
Namibia
41%
Sao Tome & Principe
41%
Antigua and Barbuda
40%
Belize
40%
Equatorial Guinea
40%
Oman
40%
Samoa
40%
South Africa
40%
Bangladesh
39%
Gabon
39%
Mozambique
39%
Trinidad & Tobago
39%
Ethiopia
38%
Iran
38%
Portugal
38%
Guatemala
36%
Argentina
35%
Guyana
35%
Laos
35%
Senegal
35%
Serbia
35%
Venezuela
35%
Lesotho
34%
Solomon Islands
34%
Afghanistan
33%
Tuvalu
33%
Cameroon
32%
Guinea-Bissau
31%
Kazakhstan
25%
Mali
25%
St. Vincent and the Grenadines
25%
Belarus
22%
Iraq
22%
Comoros
21%
Mongolia
21%
Bosnia & Herzegovina
19%
Georgia
19%
Kyrgyzstan
16%
Costa Rica
15%
North Macedonia
15%
Haiti
14%
D.R. Congo
12%
Myanmar
11%
Tajikistan
11%
Andorra
9%
Burkina Faso
9%
Egypt
9%
El Salvador
9%
Cape Verde
8%
Sudan
8%
Bolivia
5%
Nicaragua
5%
Paraguay
5%
Seychelles
5%
No matching quizzes found
Score Distribution
Percent of People with Each Score
Percentile by Number Answered
Your Score History
You have not taken this quiz